| 000 | 00492nam a2200169 i 4500 | ||
|---|---|---|---|
| 001 | 63101 | ||
| 003 | ES-MaACL | ||
| 005 | 20230906164803.0 | ||
| 007 | t| | ||
| 008 | 031128s1971 sp ||||1| gao d | ||
| 100 | 1 |
_aFernández del Riego, Francisco. _949733 |
|
| 245 | 1 | 0 |
_aManual de historia da literatura galega / _cF. Fernández del Riego. |
| 250 | _a[2ª ed.]. | ||
| 260 |
_a[Vigo] : _bGalaxia, _c[1971] |
||
| 300 |
_a307 p., 12 lám. ; _c18 cm. |
||
| 852 |
_aES-MaACL _jC-46616 _bR.80195 |
||
| 999 |
_c63101 _d63101 |
||